The full names of Katseye’s family! - Statistics

General Stats
  • This quiz has been taken 16 times
  • The average score is 10 of 83
Answer Stats
Answer % Correct
Name of Lara’s sister Rhea
56%
Second last name of Manon Bannerman
44%
Last name of Yoonchae Jeung
44%
First name of Manon Meret
44%
Last name of Lara’s sister Rajagolapan
44%
Last name of Lara Rajagolapan
44%
Last name of Megan’s dad Skiendiel
44%
First last name of Daniela Avanzini
33%
Last name of Manon’s dad Bannerman
33%
Second name of Sophia Elizabeth
33%
Last name of Lara’s dad Rajagolapan
33%
Last name of Megan’s brother Skiendiel
33%
Name of Manon’s Scottish Fold (White cat) Spoon
33%
Name of Megan’s mom Sylvia
33%
Name of Sophia’s white cat 1 (female) Yoonchae
33%
Second name of Daniela Andrea
22%
Last name of Daniela’s dad Avanzini
22%
Second last name of Manon’s sister Bannerman
22%
Last name of Yoonchae’s sister Jeung
22%
Last name of Yoonchae's dad Jeung
22%
Second last name of Sophia’s mom Laforteza
22%
Last name of Sophia’s dad Laforteza
22%
Last name of Megan’s mom Lee
22%
Name of Yoonchae’s cat (gray) Oreo
22%
Last name of Lara’s mom Rajagolapan
22%
Last name of Megan Skiendiel
22%
Name of Megan’s brother Tyler
22%
First name of Daniela’s mom Ana
11%
Name of Lara's dog (White female) Bala
11%
Name of Megan’s Husky (white and black) Cassie
11%
Name of Sophia's Chow Chow 1 (Brown male dog) Charlie
11%
Name of Daniela’s dog (Brown female) Charlotte
11%
First last name of Sophia’s mom Guevara
11%
First last name of Sophia Guevara
11%
Second last name of Sophia Laforteza
11%
Second lat name of Daniela Llorente
11%
Name of Daniela’s dog (Brown male) Mushi
11%
First last name of Manon Sarpong
11%
Name of Megan’s dad William
11%
Second name of Sophia’s maternal grandmother Amado
0%
Name of Sophia’s white cat 3 (male) Barry
0%
First name of Sophia’s big brother Basil
0%
First name of Sophia’s dad Basilio
0%
Name of Sophia’s white cat 4 Boyo
0%
Name of Sophia’s mom Carla
0%
Name of Sophia's Chow Chow 2 (Brown male dog) Chanel
0%
First name of Manon’s mom Daniela
0%
Name of Sophia’s maternal grandfather Domingo
0%
First name of Sophia’s maternal great-grandfather Domingo
0%
Second name of Sophia’s dad Godfrey
0%
Third name of Sophia's big brother Gregory
0%
First last name of Sophia’s big brother Guevara
0%
First last name of Sophia’s little brother Guevara
0%
Last name of Sophia’s maternal grandfather Guevara
0%
Last name of Sophia’s great-grandfather Guevara
0%
Last name of Sophia’s maternal grandmother Guevara
0%
Last name of Sophia’s aunt Guevara
0%
Last name of Manon’s mom Hügi
0%
Suffix of Sophia’s dad III
0%
Suffix of Sophia’s maternal grandfather Jr.
0%
Name of Lara’s mom Kavita
0%
Second last name of Sophia’s big brother Laforteza
0%
Second last name of Sophia’s little brother Laforteza
0%
First name of Manon’s sister Lena
0%
Last name of Daniela’s mom Llorente
0%
Second name of Manon’s sister Lou
0%
Second name of Sophias’s little brother Luciano
0%
Second name of Sophia’s big brother Luke
0%
Initial of the second name of Sophia’s maternal great-grandfather M.
0%
Second name of Megan Meiyok
0%
Name of Sophia’s maternal grandmother Monette
0%
Name of Sophia’s aunt Nikki
0%
First name of Daniela’s dad Rafael
0%
First last name of Manon’s sister Sarpong
0%
Suffix of Sophia’s great-grandfather Sr.
0%
First name of Lara’s dad Sri
0%
First name of Sophia’s little brother Vitorio
0%
Name of Sophia’s white cat 2 Wonie
0%
Name of Yoonchae’s sister Yoon-seo
0%
First name of Manon’s dad Zacharias
0%
Name of Sophia's black cat 1 Zayn
0%
Name of Sophia's black cat 2 Zora
0%
Name of Sophia's black cat 3 Zumi
0%
No matching quizzes found
Score Distribution
Percent of People with Each Score
Percentile by Number Answered
Your Score History
You have not taken this quiz